000 01182ngm a2200361 4500
005 20231130123720.0
007 vd cvaizs
008 140404s2014 xxu e vleng d
024 1 _a796019828727 (videodisc)
035 _a(OCoLC)
040 _aMMLLC
_beng
_cMMLLC
_erda
082 0 _a[FIC]
_223
092 _aEDVD
_bFro
245 0 0 _aFrozen in time
250 _aWidescreen ed.
260 _aSanta Monica, Calif.
_bArc Entertainment ,
_c[2014].
264 _aSanta Monica, Calif.
_bArc Entertainment ,
_c[2014].
300 _a1 videodisc (46 min.) :
_bsound, color ;
_c4 3/4 in.
336 _atwo-dimensional moving image
337 _avideo
338 _avideodisc
508 _adirected by Alex Leung.
511 1 _aEd Asner, Mira Sorvino, Drake Bell.
520 _a"It's snow time!"
521 _aRating: not rated.
538 _aDVD, widescreen, NTSC.
546 _aEnglish audio, Closed-captioned.
700 1 _aLeung, Alex ,
_edirector.
_95893802
700 _aAsner, Ed ,
_evoice actor.
_95893803
710 _aARC Entertainment (Firm).
_95810268
942 _cDVD
_2ddc
948 _a12/13/2014
_zSirsi
999 _c285328
_d285328